[Event "HUN-chT2 Toth 1213"]
[Site "Hungary"]
[Date "2013.03.03"]
[Round "8.7"]
[White "Feichter, Erno"]
[Black "Visnyei, Illes"]
[Result "0-1"]
[WhiteElo "1884"]
[BlackElo "2040"]
[PlyCount "70"]
[EventDate "2012.09.16"]
[EventType "team-tourn"]
[EventRounds "11"]
[EventCountry "HUN"]
[SourceTitle "EXT 2014"]
[Source "ChessBase"]
[SourceDate "2013.11.20"]
[SourceVersion "1"]
[SourceVersionDate "2013.11.20"]
[SourceQuality "1"]
[WhiteTeam "Abony"]
[BlackTeam "Bekes"]
[WhiteTeamCountry "HUN"]
[BlackTeamCountry "HUN"]

1. e4 e6 2. d4 d5 3. exd5 exd5 4. Nf3 Bd6 5. Bd3 Ne7 6. Bg5 h6 7. Bh4 Be6 8. Nc3 c6 9. Ne2 Nd7 10. c3 Qb6 11. Qc2 Bg4 12. Bxe7 Bxe7 13. Ne5 Nxe5 14. dxe5 Bc5 15. 0-0 Qc7 16. Rae1 0-0-0 17. Bf5+ Bxf5 18. Qxf5+ Kb8 19. Kh1 Rhe8 20. f4 g6 21. Qh3 h5 22. b4 Bb6 23. a4 a6 24. Nd4 Qe7 25. Nb3 d4 26. Rd1 dxc3 27. Qxc3 Rxd1 28. Rxd1 Rd8 29. Rxd8+ Qxd8 30. Qe1 Qd3 31. Nc1 Qc4 32. h3 Qxf4 33. Nd3 Qc4 34. Qd2 Bd4 35. Nf4 Bxe5 0-1

[Event "HUN-chT2 Toth 1213"]
[Site "Hungary"]
[Date "2012.12.02"]
[Round "5.8"]
[White "Feichter, Erno"]
[Black "Banyai, Istvan"]
[Result "1/2-1/2"]
[WhiteElo "1884"]
[BlackElo "1977"]
[PlyCount "86"]
[EventDate "2012.09.16"]
[EventType "team-tourn"]
[EventRounds "11"]
[EventCountry "HUN"]
[SourceTitle "EXT 2014"]
[Source "ChessBase"]
[SourceDate "2013.11.20"]
[SourceVersion "1"]
[SourceVersionDate "2013.11.20"]
[SourceQuality "1"]
[WhiteTeam "Abony"]
[BlackTeam "Gyula"]
[WhiteTeamCountry "HUN"]
[BlackTeamCountry "HUN"]

1. e4 c6 2. d4 d5 3. exd5 cxd5 4. Nf3 Nc6 5. c3 Nf6 6. Bb5 Qb6 7. Qd3 g6 8. 0-0 Bf5 9. Qe2 Bg7 10. Nbd2 0-0 11. Bxc6 bxc6 12. Qxe7 Bd3 13. Re1 Rfe8 14. Qa3 Rxe1+ 15. Nxe1 Bf5 16. Nef3 Bf8 17. Qb3 Qc7 18. Nf1 Bd6 19. g3 h5 20. Ne3 Be4 21. Ng5 h4 22. Nxe4 Nxe4 23. Ng2 hxg3 24. fxg3 Kg7 25. Bf4 Rh8 26. Qc2 Bxf4 27. Nxf4 Qd7 28. Qg2 Qg4 29. Re1 Ng5 30. Rf1 Re8 31. h3 Qd7 32. Kh2 Ne4 33. Nd3 f6 34. Nc5 Qd6 35. Nxe4 Rxe4 36. Qf3 Qe6 37. Rf2 Qe7 38. Kg2 Re3 39. Qf4 Re4 40. Qd2 Re1 41. Qf4 Re4 42. Qf3 Re3 43. Qf4 Re4 1/2-1/2

[Event "HUN-chT2 Toth 1112"]
[Site "Hungary"]
[Date "2012.04.22"]
[Round "9.7"]
[White "Babinszki, Janos"]
[Black "Feichter, Erno"]
[Result "1/2-1/2"]
[WhiteElo "1851"]
[BlackElo "1923"]
[PlyCount "61"]
[EventDate "2011.09.25"]
[EventType "team-tourn"]
[EventRounds "11"]
[EventCountry "HUN"]
[SourceTitle "EXT 2013"]
[Source "ChessBase"]
[SourceDate "2012.11.22"]
[SourceVersion "1"]
[SourceVersionDate "2012.11.22"]
[SourceQuality "1"]
[WhiteTeam "Mezobereny"]
[BlackTeam "Abony"]
[WhiteTeamCountry "HUN"]
[BlackTeamCountry "HUN"]

1. d4 d6 2. c4 Bf5 3. Nc3 Nf6 4. f3 e6 5. e4 Bg6 6. Bd3 Nbd7 7. Nge2 Be7 8. 0-0 0-0 9. a3 c6 10. b4 Rc8 11. Rb1 h6 12. Qc2 e5 13. Be3 exd4 14. Bxd4 b6 15. Bf2 Ne5 16. Nf4 Bh7 17. Rfd1 Nxd3 18. Qxd3 Qc7 19. Qd2 Rfd8 20. Rbc1 Nd7 21. b5 Ne5 22. bxc6 Qxc6 23. Ncd5 Qd7 24. Nxe7+ Qxe7 25. Nd5 Qe6 26. Qe2 Kh8 27. Bg3 f5 28. exf5 Bxf5 29. Bxe5 dxe5 30. Re1 Re8 31. Qb2 1/2-1/2

[Event "HUN-chT2 Toth 1112"]
[Site "Hungary"]
[Date "2012.03.25"]
[Round "8.6"]
[White "Gombos, Janos"]
[Black "Feichter, Erno"]
[Result "1-0"]
[WhiteElo "2027"]
[BlackElo "1923"]
[PlyCount "99"]
[EventDate "2011.09.25"]
[EventType "team-tourn"]
[EventRounds "11"]
[EventCountry "HUN"]
[SourceTitle "EXT 2013"]
[Source "ChessBase"]
[SourceDate "2012.11.22"]
[SourceVersion "1"]
[SourceVersionDate "2012.11.22"]
[SourceQuality "1"]
[WhiteTeam "Gyula"]
[BlackTeam "Abony"]
[WhiteTeamCountry "HUN"]
[BlackTeamCountry "HUN"]

1. e4 e6 2. d4 d5 3. Nc3 Nf6 4. e5 Nfd7 5. f4 c5 6. Nf3 Nc6 7. Be3 Qb6 8. Na4 Qa5+ 9. c3 cxd4 10. b4 Qc7 11. Nxd4 a6 12. Be2 b5 13. Nb2 Ncxe5 14. fxe5 Qxc3+ 15. Qd2 Bxb4 16. Kd1 Qxd2+ 17. Bxd2 Bxd2 18. Kxd2 Nxe5 19. Rac1 Nc4+ 20. Nxc4 bxc4 21. Rb1 0-0 22. Rb4 f6 23. Bf3 Ra7 24. Rhb1 Kf7 25. Kc3 Rc7 26. Rb6 Rd8 27. Re1 e5 28. Nc6 Rdd7 29. Rd1 d4+ 30. Kxc4 Bb7 31. Rxb7 Rxb7 32. Nd8+ Rxd8 33. Bxb7 a5 34. Rb1 Ke7 35. Be4 g6 36. Rb5 a4 37. Rb7+ Rd7 38. Rxd7+ Kxd7 39. g4 Ke6 40. Bd5+ Kd6 41. Bg8 h5 42. gxh5 gxh5 43. h4 f5 44. Bf7 Ke7 45. Bxh5 f4 46. a3 Kf6 47. Bg4 Ke7 48. Kd5 d3 49. Kxe5 d2 50. Kxf4 1-0

[Event "HUN-chT2 Toth 1112"]
[Site "Hungary"]
[Date "2011.11.13"]
[Round "3.8"]
[White "Feichter, Erno"]
[Black "Pal, Imre"]
[Result "0-1"]
[WhiteElo "1923"]
[BlackElo "2155"]
[PlyCount "80"]
[EventDate "2011.09.25"]
[EventType "team-tourn"]
[EventRounds "11"]
[EventCountry "HUN"]
[SourceTitle "EXT 2013"]
[Source "ChessBase"]
[SourceDate "2012.11.22"]
[SourceVersion "1"]
[SourceVersionDate "2012.11.22"]
[SourceQuality "1"]
[WhiteTeam "Abony"]
[BlackTeam "Toth Laszlo"]
[WhiteTeamCountry "HUN"]
[BlackTeamCountry "HUN"]

1. e4 c5 2. c3 d5 3. exd5 Qxd5 4. Nf3 Nf6 5. d4 cxd4 6. Qxd4 Nc6 7. Qxd5 Nxd5 8. Bb5 Bd7 9. 0-0 e6 10. Nbd2 Be7 11. Nb3 0-0 12. Nfd4 Nxd4 13. Nxd4 Rfd8 14. Kh1 e5 15. Bxd7 exd4 16. Bf5 dxc3 17. Be4 Bf6 18. Rb1 cxb2 19. Bxb2 Bxb2 20. Rxb2 b6 21. Rb3 Rac8 22. h3 g6 23. Ra3 a5 24. Rd1 Nb4 25. Rb1 Rd2 26. f4 Rc4 27. Re3 Rxa2 28. f5 Kg7 29. fxg6 hxg6 30. Bb7 Rc7 31. Bf3 Rac2 32. h4 Rc1+ 33. Rxc1 Rxc1+ 34. Kh2 Rc5 35. g4 Nc2 36. Rb3 Nd4 37. Rd3 Nxf3+ 38. Rxf3 b5 39. Kg2 b4 40. Kg3 a4 0-1

[Event "HUN-chT2 Toth 1011"]
[Site "Hungary"]
[Date "2010.11.07"]
[Round "5.8"]
[White "Feichter, Erno"]
[Black "Csikos, Mihaly"]
[Result "1/2-1/2"]
[WhiteElo "1958"]
[BlackElo "2086"]
[PlyCount "108"]
[EventDate "2010.09.12"]
[EventType "team-tourn"]
[EventRounds "11"]
[EventCountry "HUN"]
[SourceTitle "EXT 2012"]
[Source "ChessBase"]
[SourceDate "2011.11.24"]
[SourceVersion "1"]
[SourceVersionDate "2011.11.24"]
[SourceQuality "1"]
[WhiteTeam "Abony"]
[BlackTeam "Roszke"]
[WhiteTeamCountry "HUN"]
[BlackTeamCountry "HUN"]

1. e4 e5 2. Nf3 Nf6 3. Nc3 Nc6 4. Bb5 d6 5. 0-0 Be7 6. h3 0-0 7. d4 exd4 8. Nxd4 Bd7 9. Nxc6 bxc6 10. Bd3 Re8 11. b3 d5 12. Bb2 Bb4 13. exd5 cxd5 14. Ne2 Bd6 15. c4 c6 16. cxd5 Nxd5 17. a3 Qg5 18. Kh1 Qh4 19. Ng1 Re6 20. Nf3 Qe7 21. Nd4 Rf6 22. Qc2 g6 23. Nxc6 Qf8 24. Bxf6 Nxf6 25. Na5 Qh6 26. f4 Nh5 27. Nb7 Bxf4 28. Rxf4 Qxf4 29. Nc5 Bc6 30. Re1 Qg3 31. Rf1 Qe3 32. Kh2 Re8 33. Qf2 Qe5+ 34. Kg1 Re7 35. Bc4 Bd5 36. Bxd5 Qxd5 37. b4 f5 38. Qf3 Nf6 39. Qf2 Ne4 40. Nxe4 Qxe4 41. g4 Qe3 42. Kg2 Qe4+ 43. Qf3 f4 44. g5 Re5 45. h4 Kg7 46. Kh3 Qf5+ 47. Kh2 Re4 48. Kg2 h6 49. Qc3+ Kf7 50. Qc7+ Kg8 51. Qb8+ Kf7 52. Qc7+ Kg8 53. Qb8+ Kf7 54. Qc7+ Kg8 1/2-1/2

[Event "HUN-chT2 Toth 1011"]
[Site "Hungary"]
[Date "2010.10.24"]
[Round "4.8"]
[White "Visnyei, Illes"]
[Black "Feichter, Erno"]
[Result "0-1"]
[WhiteElo "2075"]
[BlackElo "1958"]
[PlyCount "96"]
[EventDate "2010.09.12"]
[EventType "team-tourn"]
[EventRounds "11"]
[EventCountry "HUN"]
[SourceTitle "EXT 2012"]
[Source "ChessBase"]
[SourceDate "2011.11.24"]
[SourceVersion "1"]
[SourceVersionDate "2011.11.24"]
[SourceQuality "1"]
[WhiteTeam "Bekes"]
[BlackTeam "Abony"]
[WhiteTeamCountry "HUN"]
[BlackTeamCountry "HUN"]

1. d4 e6 2. e3 Nf6 3. Bd3 b6 4. f4 Bb7 5. Nf3 Be7 6. 0-0 d6 7. c3 Qd7 8. Qe2 a6 9. Nbd2 c5 10. a4 0-0 11. c4 Nc6 12. b3 d5 13. Ne5 Qc7 14. Nxc6 Qxc6 15. Nf3 dxc4 16. Bxc4 Ne4 17. Ne5 Qc8 18. Bb2 cxd4 19. exd4 a5 20. Bd3 Nf6 21. Rac1 Qd8 22. Nc6 Bxc6 23. Rxc6 Nd5 24. Be4 Bf6 25. Qd2 Rc8 26. Rfc1 Rxc6 27. Rxc6 Nxf4 28. Bxh7+ Kxh7 29. Qxf4 Re8 30. Qd6 Qxd6 31. Rxd6 Rb8 32. Bc3 b5 33. Rc6 bxa4 34. bxa4 Rb3 35. Kf2 Rxc3 36. Rxc3 Bxd4+ 37. Re3 Kg6 38. Kf3 Bxe3 39. Kxe3 f5 40. Kd4 Kf6 41. h4 e5+ 42. Kd5 e4 43. Kd4 g5 44. hxg5+ Kxg5 45. Ke3 Kg4 46. Kf2 f4 47. Kg1 Kg3 48. Kf1 e3 0-1

[Event "HUN-chT2 Toth 0910"]
[Site "Hungary"]
[Date "2010.04.11"]
[Round "9.4"]
[White "Benyovszki, Pal"]
[Black "Feichter, Erno"]
[Result "1-0"]
[WhiteElo "1997"]
[BlackElo "2028"]
[PlyCount "59"]
[EventDate "2009.11.08"]
[EventType "team-tourn"]
[EventRounds "11"]
[EventCountry "HUN"]
[SourceTitle "EXT 2011"]
[Source "ChessBase"]
[SourceDate "2010.11.26"]
[SourceVersion "1"]
[SourceVersionDate "2010.11.26"]
[SourceQuality "1"]
[WhiteTeam "Mezobereny"]
[BlackTeam "Abony"]
[WhiteTeamCountry "HUN"]
[BlackTeamCountry "HUN"]

1. e4 e6 2. d4 d5 3. Nc3 Nf6 4. Bg5 Be7 5. e5 Nfd7 6. h4 a6 7. Qg4 Bxg5 8. hxg5 g6 9. Rh6 Nc6 10. 0-0-0 Ndxe5 11. dxe5 Nxe5 12. Qh4 Bd7 13. f4 Nc6 14. Re1 Ne7 15. Rxh7 Rxh7 16. Qxh7 Bc6 17. Nf3 Nf5 18. Ne5 Qe7 19. Nxg6 fxg6 20. Qxg6+ Kd7 21. g4 Nd6 22. f5 e5 23. f6 Qe6 24. Qg7+ Kd8 25. g6 Be8 26. f7 Nxf7 27. gxf7 Bxf7 28. Rxe5 Qd7 29. Qf8+ Be8 30. Rxd5 1-0

[Event "HUN-chT2 Toth 0910"]
[Site "Hungary"]
[Date "2010.02.28"]
[Round "7.4"]
[White "Diamant, Tibor"]
[Black "Feichter, Erno"]
[Result "1-0"]
[WhiteElo "2149"]
[BlackElo "2028"]
[PlyCount "51"]
[EventDate "2009.11.08"]
[EventType "team-tourn"]
[EventRounds "11"]
[EventCountry "HUN"]
[SourceTitle "EXT 2011"]
[Source "ChessBase"]
[SourceDate "2010.11.26"]
[SourceVersion "1"]
[SourceVersionDate "2010.11.26"]
[SourceQuality "1"]
[WhiteTeam "Mako II"]
[BlackTeam "Abony"]
[WhiteTeamCountry "HUN"]
[BlackTeamCountry "HUN"]

1. e4 e6 2. d4 d5 3. Nc3 Bb4 4. e5 Ne7 5. Nge2 c5 6. a3 cxd4 7. axb4 dxc3 8. bxc3 Bd7 9. Be3 Nbc6 10. f4 a6 11. Ng3 Rc8 12. Bd3 Qc7 13. Qd2 Ng6 14. 0-0 0-0 15. Ne2 Nge7 16. Bc5 Rfe8 17. Qe3 Nf5 18. Qf2 g6 19. g4 Ng7 20. Bb6 Qb8 21. Qh4 Rf8 22. Rf3 h5 23. Rh3 Nxe5 24. fxe5 Qxe5 25. Bd4 Qd6 26. Qf6 1-0

[Event "HUN-chT2 Toth 0910"]
[Site "Hungary"]
[Date "2009.12.20"]
[Round "4.4"]
[White "Nagy, Jozsef"]
[Black "Feichter, Erno"]
[Result "1-0"]
[WhiteElo "1956"]
[BlackElo "2028"]
[PlyCount "69"]
[EventDate "2009.11.08"]
[EventType "team-tourn"]
[EventRounds "11"]
[EventCountry "HUN"]
[SourceTitle "EXT 2011"]
[Source "ChessBase"]
[SourceDate "2010.11.26"]
[SourceVersion "1"]
[SourceVersionDate "2010.11.26"]
[SourceQuality "1"]
[WhiteTeam "Kkfhazi Honved"]
[BlackTeam "Abony"]
[WhiteTeamCountry "HUN"]
[BlackTeamCountry "HUN"]

1. d4 e6 2. c4 d5 3. Nf3 Nf6 4. e3 Be7 5. Nc3 a6 6. a3 b6 7. Bd2 Bb7 8. Rc1 0-0 9. cxd5 Nxd5 10. Nxd5 Bxd5 11. Bd3 c5 12. Bc3 Nd7 13. 0-0 h6 14. Qe2 cxd4 15. Bxd4 a5 16. Rfd1 f6 17. Bb1 Qe8 18. e4 Bb7 19. Ba2 Bc5 20. Qc4 Bxd4 21. Nxd4 Kh8 22. Nxe6 Rc8 23. Qd4 Rxc1 24. Rxc1 Nc5 25. Nxf8 Qxf8 26. f3 Qe7 27. Rd1 Qe5 28. Qxe5 fxe5 29. Rd8+ Kh7 30. Bg8+ Kh8 31. Bd5+ Kh7 32. Bxb7 Nxb7 33. Rb8 Nc5 34. Rxb6 Na4 35. Rb5 1-0

[Event "HUN-chT2 Toth 0910"]
[Site "Hungary"]
[Date "2009.11.08"]
[Round "1.5"]
[White "Brhlik, Gyorgy"]
[Black "Feichter, Erno"]
[Result "1-0"]
[WhiteElo "2057"]
[BlackElo "2028"]
[PlyCount "129"]
[EventDate "2009.11.08"]
[EventType "team-tourn"]
[EventRounds "11"]
[EventCountry "HUN"]
[SourceTitle "EXT 2011"]
[Source "ChessBase"]
[SourceDate "2010.11.26"]
[SourceVersion "1"]
[SourceVersionDate "2010.11.26"]
[SourceQuality "1"]
[WhiteTeam "Bekes"]
[BlackTeam "Abony"]
[WhiteTeamCountry "HUN"]
[BlackTeamCountry "HUN"]

1. Nf3 e6 2. d4 d5 3. c4 Nf6 4. e3 Be7 5. Nc3 a6 6. Bd3 0-0 7. 0-0 b6 8. b3 Bb7 9. Bb2 c5 10. cxd5 cxd4 11. Nxd4 Nxd5 12. Nxd5 Bxd5 13. Qe2 Bf6 14. Rfd1 Qe7 15. e4 Bb7 16. e5 Bg5 17. Nf3 Bh6 18. Nd2 Nd7 19. Ne4 a5 20. Bb5 Rfd8 21. Nd6 Bd5 22. Nc4 Rab8 23. Ne3 Bxe3 24. Qxe3 Qc5 25. Qe2 Qc7 26. f3 Nf8 27. Rac1 Qb7 28. Rc2 Rdc8 29. Rdc1 Rxc2 30. Qxc2 Qe7 31. Qd2 h6 32. Bd4 Ng6 33. Bf1 Nh4 34. Bf2 Ng6 35. f4 Nh4 36. Bxh4 Qxh4 37. g3 Qe7 38. Qc2 Qb7 39. Bg2 Bxg2 40. Qxg2 Qxg2+ 41. Kxg2 Kf8 42. Kf3 Ke8 43. Ke3 Kd7 44. Kd4 Kd8 45. Rc6 Kd7 46. Rd6+ Kc7 47. Kc4 b5+ 48. Kc5 a4 49. Rc6+ Kd7 50. b4 Rb7 51. Rb6 Rc7+ 52. Kxb5 Rc2 53. Rd6+ Kc7 54. a3 Rxh2 55. Kxa4 h5 56. Ra6 Kb7 57. Rd6 Kc7 58. Kb5 Rc2 59. a4 Rc3 60. a5 Rxg3 61. Rc6+ Kb8 62. Rb6+ Ka7 63. a6 Ra3 64. Rb7+ Ka8 65. Rxf7 1-0